000
002880000a22000970004500
100
1
_a
Pfeifer, Gerhard
245
1
0
_a
Die fremdvölkersprüche des Amos --Spätere vaticinia ex eventu?
300
_a
Vol. 38, Num. 2 (Abril, 1988), Páginas 230-233
773
0
_t
Vetus Testamentum
942
_c
ANA
999
_c
57410
_d
57410